|
|
|
|
| LEADER |
00000csc a2200000 a 4500 |
| 001 |
22475-4 |
| 005 |
20240113063500.0 |
| 008 |
992102|1990 ||||||||r|||||||||||spa|| |
| 020 |
|
|
|a 9682517419
|
| 040 |
|
|
|b spa
|
| 041 |
1 |
|
|a spa
|
| 082 |
0 |
|
|a 618.9
|
| 245 |
|
|
|a El Niño maltratado
|c Robert M. Reece, director; Alberto Folch Pi traductor
|h imp
|n 4/6
|
| 264 |
|
|
|a México
|b Interamericana
|c 1990
|
| 300 |
|
|
|a X, pp 841-1072
|b ilu
|
| 300 |
|
|
|c 22x16 cm
|
| 310 |
|
|
|a Trimestral
|
| 490 |
|
|
|a Clínicas pediátricas de norteamérica
|v volumen 4/6
|
| 504 |
|
|
|a incl. ref.
|
| 650 |
1 |
|
|a Pediatria
|9 2161
|
| 650 |
1 |
|
|a Maltrato infantil
|9 8202
|
| 650 |
|
|
|a Síndrome del niño maltratado
|9 296853
|
| 650 |
|
7 |
|a Abuso infantil
|9 20784
|
| 650 |
|
|
|a Colposcopio
|9 296854
|
| 650 |
|
|
|a Adicción en el menor
|9 296855
|
| 650 |
|
|
|a Descuido en niños
|9 296856
|
| 650 |
|
7 |
|a Abuso de sustancias
|9 42177
|
| 700 |
|
|
|a Reece, Robert M
|e director
|9 296858
|
| 700 |
|
|
|a Folch Pi, Alberto
|e traductor
|9 84001
|
| 773 |
|
|
|t El niño maltratado
|
| 852 |
|
|
|a UC-SALUD
|c ESTANTERIA ABIERTA
|f Compra
|k mariana.feican
|l 1
|m General
|p 19921028/20130422
|q S/ 55.900,00
|t 22475-4
|b 0
|d CDRS
|e CDRS
|g 618.9 ESTANTERIA ABIERTA
|z 1992-21-02
|
| 942 |
|
|
|
| 999 |
|
|
|c 128225
|d 128225
|